000 01880nam a2200301Ia 4500
999 _c38613
_d38613
001 4793
003 GE_BSU
005 20190816103659.0
008 181216s2003||||ge |||||||||||||| ||geo||
020 _a9992865113
040 _cGE_BSU
041 _ageo
080 _a821.14'01-394 ა-87
245 _aასპარეზზე გამოდიან გმირები /
_cთხრობა და კომენტარები ნანა ტონიასი და მანანა ღარიბაშვილისა
250 _a2-ე შესწ. გამოცემა
264 _aთბილისი :
_bლოგოსი ;
_c2003.
300 _a253 გვ. :
_bილ. ;
_c20 სმ.
440 _a(პროგრამა "ლოგოსი". პუბლ. და ღონისძ. კლასიკ. ფილოლ., ბიზანტ. და ნეოგრეც. სფეროში. ბერძნული მითების სამყარო / სერიის სარედ. კოლ. : რისმაგ გორდეზიანი და სხვ.).
_93636
504 _aსახელთა საძ.: გვ. 241-253.
520 _aპროგრამა ”ლოგოსი” ბერძნული მითების სამყარო
541 _h12ლ.
653 _aასპარეზზე გამოდიან გმირები
700 _aტონია, ნანა
_eთხრობა და კომენტარები
_9661
700 _aღარიბაშვილი, მანანა
_eთხრობა და კომენტარები
_93637
710 _aთსუ
_93638
710 _aკლასიკ. ფილოლ., ბიზანტ. და ნეოგრეც. ინ-ტი.
_93639
942 _cBK
_2udc